000 00598nam a22001937a 4500
999 _c188970
_d188970
005 20220608151424.0
010 _aENG-133097
020 _c399.00
_a978-93-5195-243-5
035 _aEN-116629
037 _bDBAD/PUB
082 _a291
100 _aH.S. Shivaprakash
245 _aGuru: Ten Doors o Ancient Wisdom/
_cH.S. Shivaprakash
250 _bGurugram
260 _c2018
_bHachette Book Publishing India Pvt. Ltd.
270 _a4th/5th Floors, Corporate Centre, Plot No.94, Sector 44
_bGurugram
_e12003
300 _a186p.
_c21cm(pbk)
942 _2ddc
_cEN
_mHSS
_h291